000 00340nam a2200145 a 4500
008 961116s1965||||xx 0 und c
040 _aSNK
_bslo
_cSNK
_eAACR2
100 1 _aSadoul, Georges
245 1 0 _aZ druhej strany kamery
260 _aBratislava
_bSmena
_c1965
300 _a129s.
020 _c12
041 _aslo
044 _axo
_cSK
999 _c14926
_d14926